<?xml version="1.0" encoding="UTF-8"?>
<record
    xmlns:xsi="http://www.w3.org/2001/XMLSchema-instance"
    xsi:schemaLocation="http://www.loc.gov/MARC21/slim http://www.loc.gov/standards/marcxml/schema/MARC21slim.xsd"
    xmlns="http://www.loc.gov/MARC21/slim">

  <leader>01252nam a2200229   4500</leader>
  <controlfield tag="003">LK-CoMWRAF</controlfield>
  <controlfield tag="005">20231217203921.0</controlfield>
  <controlfield tag="008">231217b        |||||||| |||| 00| 0 eng d</controlfield>
  <datafield tag="040" ind1=" " ind2=" ">
    <subfield code="a">LK-CoMWRAF</subfield>
    <subfield code="d">LK-CoMWRAF</subfield>
    <subfield code="e">LK-CoMWRAF</subfield>
  </datafield>
  <datafield tag="041" ind1=" " ind2=" ">
    <subfield code="a">sin</subfield>
  </datafield>
  <datafield tag="082" ind1=" " ind2=" ">
    <subfield code="a">370</subfield>
    <subfield code="b">KUL</subfield>
  </datafield>
  <datafield tag="100" ind1=" " ind2=" ">
    <subfield code="a">&#xD9A;&#xDD4;&#xDBD;&#xDBB;&#xDAD;&#xDCA;&#xDB1;, &#xD91;&#xDB1;&#xDCA;. &#xDA2;&#xDD3;.  </subfield>
  </datafield>
  <datafield tag="110" ind1=" " ind2=" ">
    <subfield code="a">&#xD9A;&#xDBB;&#xDD4;&#xDAB;&#xDCF;&#xDBB;&#xDAD;&#xDCA;&#xDB1;, &#xDA2;&#xDD3;. &#xD86;&#xDBB;&#xDCA;. &#xD91;&#xDB8;&#xDCA;.   </subfield>
  </datafield>
  <datafield tag="111" ind1=" " ind2=" ">
    <subfield code="a"> </subfield>
  </datafield>
  <datafield tag="245" ind1=" " ind2=" ">
    <subfield code="a">&#xD85;&#xDB0;&#xDCA;&#x200D;&#xDBA;&#xDCF;&#xDB4;&#xDB1; &#xD9A;&#xDCA;&#x200D;&#xDC2;&#xDDA;&#xDAD;&#xDCA;&#x200D;&#xDBB;&#xDBA;&#xDD9;&#xDC4;&#xDD2; &#xDBD;&#xDCF; &#xD86;&#xDA0;&#xDCF;&#xDBB;&#xDCA;&#x200D;&#xDBA; &#xDC3;&#xDD3;. &#xDA9;&#xDB6;&#xDCA;&#xDBD;&#xDD2;&#xDC0;&#xDCA;. &#xDA9;&#xDB6;&#xDCA;&#xDBD;&#xDD2;&#xDC0;&#xDCA;. &#xD9A;&#xDB1;&#xDCA;&#xDB1;&#xDB1;&#xDCA;&#xD9C;&#xDBB; &#xDB8;&#xDD0;&#xDAD;&#xDD2;&#xDAD;&#xDD4;&#xDB8;&#xDCF; &#xDA2;&#xDCF;&#xDAD;&#xDD2;&#xDBA;&#xDA7; &#xDC3;&#xDD0;&#xDBD;&#xDC3;&#xDD6;  &#xDC3;&#xDDA;&#xDC0;&#xDCF;&#xDC0;&#xDDA; &#xDC3;&#xDD4;&#xDC0;&#xDD2;&#xDC1;&#xDDA;&#xDC2; &#xDBD;&#xD9A;&#xDCA;&#xDC2;&#xDAB;</subfield>
  </datafield>
  <datafield tag="246" ind1=" " ind2=" ">
    <subfield code="a">Adhyapana k&#x1E63;etraye la acarya si. &#x1E0D;abliw. &#x1E0D;abliw. kannangara m&#xE6;tituma&#x1E6D;a s&#xE6;&#x1E37;asum savave suvise&#x1E63;i lak&#x1E63;a&#x1E47;a</subfield>
  </datafield>
  <datafield tag="260" ind1=" " ind2=" ">
    <subfield code="a">&#xDB8;&#xDC4;&#xDBB;&#xD9C;&#xDB8; : </subfield>
    <subfield code="b">&#xDB4;&#xDBB;&#xDCA;&#xDBA;&#xDDA;&#xDC2;&#xDAB; &#xDC3;&#xDC4; &#xDC3;&#xD82;&#xDC0;&#xDBB;&#xDCA;&#xDB0;&#xDB1; &#xDAF;&#xDD9;&#xDB4;&#xDCF;&#xDBB;&#xDCA;&#xDAD;&#xDB8;&#xDDA;&#xDB1;&#xDCA;&#xDAD;&#xDD4;&#xDC0;, </subfield>
    <subfield code="c">2006</subfield>
  </datafield>
  <datafield tag="650" ind1=" " ind2=" ">
    <subfield code="a">&#xD85;&#xDB0;&#xDCA;&#x200D;&#xDBA;&#xDCF;&#xDB4;&#xDB1;&#xDBA;--&#xDC3;&#xDD3;. &#xDA9;&#xDB6;&#xDCA;&#xDBD;&#xDD2;&#xDC0;&#xDCA;. &#xDA9;&#xDB6;&#xDCA;&#xDBD;&#xDD2;&#xDC0;&#xDCA;. &#xD9A;&#xDB1;&#xDCA;&#xDB1;&#xDB1;&#xDCA;&#xD9C;&#xDBB;</subfield>
  </datafield>
  <datafield tag="700" ind1=" " ind2=" ">
    <subfield code="a">&#xD86;&#xDBB;&#xDD2;&#xDBA;&#xDAF;&#xDCF;&#xDC3;, &#xD91;&#xDA0;&#xDCA;.</subfield>
    <subfield code="e">trans.</subfield>
  </datafield>
  <datafield tag="700" ind1=" " ind2=" ">
    <subfield code="a">&#xDBD;&#xDD3;&#xDBD;&#xDCF;&#xDBB;&#xDAD;&#xDCA;&#xDB1;, &#xD91;&#xDC3;&#xDCA;. </subfield>
    <subfield code="e">ed.</subfield>
  </datafield>
  <datafield tag="942" ind1=" " ind2=" ">
    <subfield code="c">BK</subfield>
  </datafield>
  <datafield tag="952" ind1=" " ind2=" ">
    <subfield code="0">0</subfield>
    <subfield code="1">0</subfield>
    <subfield code="4">0</subfield>
    <subfield code="7">0</subfield>
    <subfield code="a">MAIN</subfield>
    <subfield code="b">MAIN</subfield>
    <subfield code="d">2023-12-17</subfield>
    <subfield code="l">0</subfield>
    <subfield code="o">370 KUL</subfield>
    <subfield code="p">RAF4894</subfield>
    <subfield code="r">2023-12-17</subfield>
    <subfield code="w">2023-12-17</subfield>
    <subfield code="y">BK</subfield>
  </datafield>
  <datafield tag="999" ind1=" " ind2=" ">
    <subfield code="c">4506</subfield>
    <subfield code="d">4506</subfield>
  </datafield>
</record>
